| 000 | 00806nam a2200241 a 4500 | ||
|---|---|---|---|
| 001 | BRCA_339 | ||
| 005 | 20190320202951.0 | ||
| 008 | 820521s1981 enka---##b---#001-0#eng-# | ||
| 020 | _a0571109578 | ||
| 040 |
_aDLC _cDLC _dDLC |
||
| 050 | 4 |
_aNK4565.3 _b.M43 _c1981 |
|
| 100 | 1 |
_aMedley, Margaret _91125 |
|
| 245 | 1 | 0 |
_aT´ang Pottery & Porcelain _cby Margaret Medley. |
| 260 |
_aLondres ; Boston _bFaber and Faber _c1981 |
||
| 300 |
_a151 p. _bil., [14] p. de láminas _c25 cm. |
||
| 440 | 0 |
_aThe Faber Monographs on Pottery and Porcelain _91070 |
|
| 500 | _aDonación Consejo Británico | ||
| 504 | _aBibliografía: p. 145-146 | ||
| 650 | 1 | 4 |
_aCerámica china _yT´ang-quinta dinastía, 618-906 _91126 |
| 650 | 1 | 4 |
_aPorcelana china _yT´ang-quinta dinastía, 618-906 _91127 |
| 902 | _aDCB | ||
| 942 |
_2lcc _cB |
||
| 999 |
_c276 _d276 |
||